Informačná gramotnosť vo svetle trendov práce s informáciami

Informačná gramotnosť - definícia pojmu, medzinárodné aktivity. Trendy spracovania informácií v elektronickom prostredí. Trendy vzdelávania a informačné správanie. Miesto knižníc a prístup študentov k elektronickým zdrojom. Informačná gramotnosť - odporúčania a akčný plán pre krajiny strednej a vých...

Ausführliche Beschreibung

Gespeichert in:
Bibliographische Detailangaben
1. Verfasser: Steinerová, Jela
Format: Buchkapitel
Sprache:Slowakisch
Schlagworte:
Tags: Tag hinzufügen
Keine Tags, Fügen Sie das erste Tag hinzu!

MARC

LEADER 00000naa$a2200000$$$4500
001 0050315
005 20230809104042.6
041 0 |a slo 
044 |a SK 
245 1 0 |a Informačná gramotnosť vo svetle trendov práce s informáciami  |c Jela Steinerová 
520 |a Informačná gramotnosť - definícia pojmu, medzinárodné aktivity. Trendy spracovania informácií v elektronickom prostredí. Trendy vzdelávania a informačné správanie. Miesto knižníc a prístup študentov k elektronickým zdrojom. Informačná gramotnosť - odporúčania a akčný plán pre krajiny strednej a východnej Európy pri smerovaní k informačnej a vedomostnej spoločnosti. 
610 2 0 |a gramotnosť informačná 
610 2 0 |a spoločnosť informačná 
610 2 0 |a vzdelávanie 
610 2 0 |a knižnice 
610 2 0 |a digitalizácia 
610 2 0 |a študenti 
610 2 0 |a dokumenty elektronické 
610 2 0 |a spoločnosť vedomostná 
610 2 0 |a SVE 
100 1 |a Steinerová, Jela